| 000 | 01197naa a2200301 c 4500 | ||
|---|---|---|---|
| 001 | 39909 | ||
| 003 | ES-MaCES | ||
| 005 | 20250324174820.0 | ||
| 008 | 100223n2009 sp t 000 | spa d | ||
| 035 | _aCES20100002473v | ||
| 040 |
_aES-MaCES _bspa _cES-MaCES |
||
| 100 | 1 |
_aSpina, Encarnación la _924373 |
|
| 245 | 1 | 3 |
_aEl criterio de adecuación aplicado al derecho a la vivienda de los inmigrantes = The suitability criteria implemented on the migrant's housing rights _b: una geometría variable = a changeable geometry _cEncarnación la Spina |
| 610 | 1 | 7 |
_aEspaña _tLey de extranjería, 2000 _2 _93185 |
| 650 | 4 |
_aEspaña _926964 |
|
| 650 | 4 |
_aaspecto sociológico _929077 |
|
| 650 | 4 |
_aderechos económicos y sociales _929875 |
|
| 650 | 4 |
_acapacidad de acogida _930230 |
|
| 650 | 4 |
_anecesidades de vivienda _928600 |
|
| 650 | 4 |
_apolítica de vivienda _929419 |
|
| 650 | 4 |
_apolítica migratoria _929183 |
|
| 650 | 4 |
_amigración _928635 |
|
| 653 | 1 | 0 | _aJurisprudencia |
| 773 | 0 |
_tMigraciones _gn. 26 (dic. 2009){55/963 R. 075969}; p. 41-83 _w(ES-MaCES)25925 _977839 |
|
| 902 | _aART Artículo de revista | ||
| 942 |
_2CES _cAR _h6.2. |
||
| 999 |
_c39909 _d39909 |
||